Представление документа в формате MARC21

Поле Инд. ПП Название Значение
Тип записи m
Библиографический уровень m
001 Контрольный номер f6247ec39acf47d7b62bf11ff2c14a86
005 Дата корректировки 20220916101039.1
008 Кодируемые данные 220916|||||||||ru |||||||||||||||||rus||
040 a Служба первич. каталог. DE
b Код языка каталог. rus
e Правила каталог. PSBO
084 a Индекс другой классификации/Индекс ББК 33.13я7
203 a Вид содержания Текст
c Тип средства электронный
245 10 a Заглавие Методические указания к выполнению практических работ по курсу: "Техника и технология бурения скважин на Арктическом шельфе" для студентов по специальности: 21.03.01 "Нефтегазовое дело" и 21.05.05 "Физические процессы нефтегазового производства"
c Ответственность Министерство науки и высшего образования Российской Федерации, Федеральное государственное автономное образовательное учреждение высшего образования "Мурманский государственный технический университет", Кафедра морского нефтегазового дела и физики ; составитель Б. А. Коротаев
h Физич. носитель Электронный ресурс
260 a Место издания Мурманск
b Издательство МГТУ
c Дата издания 2021
500 a Примечание Электрон. текстовые дан. (1 файл : 619 Кб)
500 a Примечание URL: https://elib.mauniver.ru/2022/M_22_67.pdf
500 a Примечание Доступ из локальной сети Мурманского государственного технического университета. - Загл. с титул. экрана
520 0_ a Аннотация Программой курса предусмотрено четырнадцать практических работ, в процессе выполнения которых закрепляется теоретический материал. Описание каждой работы содержит цель работы, общие сведения, краткое описание практических расчетов. Результаты практической работы показываются преподавателю
583 x Служебное примечание Полнотекстовые документы
x Служебное примечание Труды преподавателей МГТУ
x Служебное примечание Без печатного варианта
x Служебное примечание Арктические исследования
x Служебное примечание Нефтегазовое дело. ВПО
x Служебное примечание Физические процессы нефтегазового производства. ВПО
z Открытое примечание 21.03.01
z Открытое примечание 21.05.05
651 _4 a Географическое наименование Арктический шельф
653 0_ a Ключевые слова Методические указания
a Ключевые слова Бурение скважин
a Ключевые слова Исследования арктические
a Ключевые слова Нефтегазовое дело
a Ключевые слова Труды преподавателей МГТУ
a Ключевые слова Электронные версии
700 12 a Другие авторы Коротаев Б. А.
e Роль лиц Составитель
856 40 u URL https://elib.mauniver.ru/2022/M_22_67.pdf
901 t Тип документа m
952 c Вид литературы учебно-методическое издание